Sports Quiz

Random Sports or MLB Quiz

Big 4 of the Past Quiz Stats

 Plays Quiz Updated Jan 11, 2018

Challenge
Share
Tweet
Embed
Score 0/22 Timer 04:00
8 Plays Today
% Correct
NBA
85.9%
NFL
85%
NHL
83.4%
NBA
83%
MLB
81.3%
NFL
80.6%
NHL
80.2%
NHL
80.2%
NBA
77.9%
NHL
77.5%
NFL
64%
% Correct
MLB
56.6%
NHL
56.2%
MLB
54.1%
MLB
42.9%
MLB
41.1%
NBA
37.4%
NFL
36.9%
NHL
36.4%
NHL
35.3%
NFL
35%
NBA
26.7%

You're not logged in!

Compare scores with friends on all Sporcle quizzes.
OR
Log In

You Might Also Like...

Show Comments

Extras

Top Quizzes Today


Score Distribution

Your Account Isn't Verified!

In order to create a playlist on Sporcle, you need to verify the email address you used during registration. Go to your Sporcle Settings to finish the process.

Report this User

Report this user for behavior that violates our Community Guidelines.

Details: